Statistics for Movie Quotes #1 (Comedy)

Click here to take the quiz!

General Stats

  • This quiz has been taken 8 times
  • The average score is 7 of 15

Answer Stats

HintAnswer% Correct
We're on a mission from god. (1980)Blues Brothers
83%
You're putting the pussy on a pedestal. (2005)40 Year Old Virgin
67%
Boy, that escalated quickly... I mean, that really got out of hand fast. (2004)Anchorman
67%
Ray, when someone asks you if you're a god, you say "YES!" (1984)Ghostbusters
67%
The thing is, Bob, it's not that I'm lazy, it's just that I don't care.(1999)Office Space
50%
I see you're drinking 1%. Is that because you think you're fat? 'Cause you're not. You could be drinking whole if you wanted to. (2004)Napoleon Dynamite
50%
"What did he look like?" "About 6'2", 180 pounds, big teeth, kinda gangly." (1997)Liar, Liar
50%
Nobody knows. Do you know why? Because my character isn't important enough for a last name, because I'm gonna die five minutes in. (1999)Galaxy Quest
50%
"So do you have any regrets?" "'Garfield,' maybe." (2009)Zombieland
50%
You know, there's a million fine looking women in the world dude. But they don't all bring you lasagna at work. Most of 'em just cheat on you. (1994)Clerks
33%
This crowd has gone deadly silent, a Cinderella story outta nowhere.(1980)Caddyshack
33%
Badges...? We don't need no stinking badges! (1974)Blazing Saddles
33%
Actually, it's pronounced "mill-e-wah-que" which is Algonquin for "the good land." (1992)Wayne's World
17%
If they told you wolverines would make good house pets, would you believe them? (1987)Planes, Trains & Automobiles
17%
Gummy bear? It's been in my pocket; they're real warm and soft. (1986)Ferris Bueller's Day Off
17%

Score Distribution

Percentile by Number Answered

Percent of People with Each Score

Your Score History

You have not taken this quiz